QUEST Central Library Banner

Experimental Analysis Of Tensila And Torsional Of Welded Mild Steel Bars (Record no. 58132)

MARC details
000 -LEADER
fixed length control field 00260nam a22000977a 4500
100 ## - MAIN ENTRY--AUTHOR NAME
Personal name Meryam Ali Rajpar
245 ## - TITLE STATEMENT
Title Experimental Analysis Of Tensila And Torsional Of Welded Mild Steel Bars
260 ## - PUBLICATION, DISTRIBUTION, ETC. (IMPRINT)
Place of publication Nawabshah
Name of publisher Quest
Year of publication 2017
300 ## - PHYSICAL DESCRIPTION
Number of Pages 55
942 ## - ADDED ENTRY ELEMENTS (KOHA)
Koha item type Thesis and Dissertation
Holdings
Withdrawn status Lost status Home library Current library Date acquired Full call number Accession Number Koha item type
    Central Library, QUEST, Nawabshah Multimedia Section 14/02/2018 R/3ME14 MEP/30-385 Thesis and Dissertation

Copyright © 2018,The QUEST, Nawabshah, Shaheed Benazirabad. All rights reserved
Mr. G. Farooq Channar (Librarian) QUEST, Nawabshah, Sindh, Pakistan 67480.
 Ph#: |   0244-9370381-4 Ext. 2308   Email| lib@quest.edu.pk   Web|  http://www.quest.edu.pk